| 000 | 01399nam a22002417a 4500 | ||
|---|---|---|---|
| 005 | 20100806120022.0 | ||
| 010 | _aHIN-90018 | ||
| 020 |
_c100.00 _a8186101357 |
||
| 020 |
_c80.00 _a9788177099003 |
||
| 035 | _aHN-62364 | ||
| 037 | _bDBAD / PUB | ||
| 082 | _a821.8 | ||
| 100 |
_aमिश्र, सालिकराम _97516 |
||
| 245 |
_aकाशी के सिद्द संत / _cसालिकराम मिश्र;शिवशंकर मिश्र एंव संतोष कुमार द्विवेदी द्वारा संपादित |
||
| 246 |
_aKashi Ke Sidha Sant _bby Salikram Mishra;Edited by Shivshankar Mishra And Santosh Kamar Divedi |
||
| 260 |
_aवाराणसी (उ.प्र.) _bकिशोर विद्या निकेतन _c2010 |
||
| 270 |
_aबी/236-ए, भदैनी _bवाराणसी (उ.प्र.) _e221001 _k0542-2314392 _mkishorwin@yahoo.com |
||
| 300 |
_a140पृ _c22सेमी (अजिल्द) |
||
| 700 |
_97228 _aमिश्र, शिवशंकर |
||
| 700 |
_97267 _aद्विवेदी, संतोष कुमार |
||
| 942 |
_adpl _cHN _k _2ddc _mमिश्रसा _h821.8 |
||
| 999 |
_c39681 _d39681 |
||